=LDR 00000nam 2200000 4500 =001 INLIS000000000009696 =005 20130612101500 =008 ***********************************Ind** =035 ##$$0010-061300000009696 =041 ##$$a Ind =082 ##$$a 634.65 =090 ##$$a 634.65, Sun a =100 ##$$a Sunarjono, Hendro =245 ##$$a Aneka Permasalahan Durian dan Pencegahannya, Hendro Sunarjono =260 ##$$a 1995 $b Jakarta =300 ##$$a 80 hlm, ilus, 21 cm =650 ##$$a Durian =850 ##$$a NBPNMAT